| 000 | 00422nam a2200145 i 4500 | ||
|---|---|---|---|
| 001 | bg | ||
| 100 | 1 | _aNOWAKOWSKI, Maciej | |
| 245 | 0 |
_aKomunikacja a kształtowanie centrum miasta / _cMaciej Nowakowski ; Instytut Kształtowania Środowiska. |
|
| 260 |
_aWarszawa : _b"Arkady", _c1976. |
||
| 300 |
_a207 s. : _bil. ; _c24 cm. |
||
| 040 | _cBPK | ||
| 041 | _apol | ||
| 942 | _cKS | ||
| 008 | s pl f |000 0 pol | ||
| 999 |
_c27357 _d27357 |
||
| 856 |
_uhttp://koha.tu.koszalin.pl/cgi-bin/koha/opac-detail.pl?biblionumber=27357 _yKatalog online BPK |
||